000 00667nam a2200193 a 4500
005 20210223122216.0
008 991125s1955 lim 000 0 spa u
035 _aUPN01000031225
049 _aCG
050 4 _aL324
_bD5
100 1 _aDíaz Montenegro, Leopoldo
245 1 0 _aInforme sobre los núcleos escolares rurales /
_cLeopoldo Díaz Montenegro ; colab. Luis Alberto López y Alejandro Rivera R.
260 _aLima :
_bMinisterio de Educación Pública :
_bSECPANE,
_c1955.
300 _a81 p. :
_bretrs.
650 4 _aESCUELAS RURALES -
_zPERU
_922086
700 1 _aLópez, Luis Alberto,
_ccolab.
700 1 _aRivera R., Alejandro,
_ecolab.
905 _aLibro
999 _c31225
_d31225